000 00692nam a2200217 a 4500
001 016319
003 BD-ChCU
008 Ben
020 _a৯৮৪০৭৪১০২
040 _aDLC
_cDLC
_dBD-ChCU
082 0 0 _a১৮৩.২/প্লেটো৯স
100 1 _aপ্লেটো
_b-
245 1 0 _aসক্রেটিসের শেষ দিনগুলি
_b-
250 _a***
260 _aঢাকা
_bবাংলা একাডেমী
_c১৯৯১
300 _a**
504 _a- Biblio-
650 0 _aদর্শন, প্রাচীন
_bদর্শন
700 1 _aআহমদ, সফিউদ্দিন
942 _2ddc
_cBK
999 _c16319
_d16319